Hamlet : (Record no. 6832)
[ view plain ]
| 000 -LEADER | |
|---|---|
| fixed length control field | 00568nam a22002057a 4500 |
| 003 - CONTROL NUMBER IDENTIFIER | |
| control field | BUBTL |
| 008 - FIXED-LENGTH DATA ELEMENTS--GENERAL INFORMATION | |
| fixed length control field | 221123b ||||| |||| 00| 0 eng d |
| 020 ## - INTERNATIONAL STANDARD BOOK NUMBER | |
| International Standard Book Number | 9780521618748 |
| 082 ## - DEWEY DECIMAL CLASSIFICATION NUMBER | |
| Classification number | 822.33/ Sh152h/ 2005 |
| 100 ## - MAIN ENTRY--PERSONAL NAME | |
| 9 (RLIN) | 1990 |
| Personal name | Shakespeare |
| 245 ## - TITLE STATEMENT | |
| Title | Hamlet : |
| Remainder of title | Shakespeare |
| 250 ## - EDITION STATEMENT | |
| Edition statement | 2nd Edn |
| 260 ## - PUBLICATION, DISTRIBUTION, ETC. (IMPRINT) | |
| Place of publication, distribution, etc. | New York |
| Name of publisher, distributor, etc. | Cambridge University Press |
| Date of publication, distribution, etc. | c2005 |
| 300 ## - PHYSICAL DESCRIPTION | |
| Extent | [xii],276p. : |
| Other physical details | 23 cm |
| 650 #0 - SUBJECT ADDED ENTRY--TOPICAL TERM | |
| 9 (RLIN) | 4940 |
| Topical term or geographic name as entry element | English Literater |
| 700 ## - ADDED ENTRY--PERSONAL NAME | |
| 9 (RLIN) | 1990 |
| Personal name | Shakespeare |
| 856 ## - ELECTRONIC LOCATION AND ACCESS | |
| Password | 0 |
| Logon | 0 |
| Link text | Download |
| 942 ## - ADDED ENTRY ELEMENTS (KOHA) | |
| Source of classification or shelving scheme | |
| Koha item type | Books |
| Withdrawn status | Lost status | Source of classification or shelving scheme | Damaged status | Not for loan | Collection code | Permanent location | Current location | Shelving location | Date acquired | Source of acquisition | Inventory number | Total Checkouts | Full call number | Barcode | Date last seen | Copy number | Price effective from | Koha item type | Date last checked out |
|---|---|---|---|---|---|---|---|---|---|---|---|---|---|---|---|---|---|---|---|
| Not For Loan | Fiction | Bangladesh University of Business and Technology Library | Bangladesh University of Business and Technology Library | English Literature Stacks | 07/24/2011 | Purchase | 10728 | 822.33/ Sh152h/ 2005 | BUBTL-200310728 | 11/23/2022 | C-1 | 11/23/2022 | Books | ||||||
| Not For Loan | Fiction | Bangladesh University of Business and Technology Library | Bangladesh University of Business and Technology Library | English Literature Stacks | 07/24/2011 | Purchase | 10729 | 822.33/ Sh152h/ 2005 | BUBTL-200310729 | 11/23/2022 | C-2 | 11/23/2022 | Books | ||||||
| Fiction | Bangladesh University of Business and Technology Library | Bangladesh University of Business and Technology Library | English Literature Stacks | 07/24/2011 | Purchase | 10730 | 4 | 822.33/ Sh152h/ 2005 | BUBTL-200310730 | 08/08/2024 | C-3 | 11/23/2022 | Books | 07/11/2024 |
